000 00441nam a2200169Ia 4500
008 230524s9999 xx 000 0 und d
020 _a8121923123
082 _a510
_bRAJ
100 _aS.Rajasekaran
245 0 _aNumerical Methods in Science and Engineering: A Practical Approach
250 _a2ND
260 _aNEW DELHI
_bS.Chand
_c2009
300 _aXV;670
500 _aQuantity Number: 25
650 _aMathematics
942 _cBK
999 _c46403
_d46403